Catálogo
 En Linea

Alerta profética : (Registro nro. 48983)

Detalles MARC
000 -CABECERA
campo de control de longitud fija 00705nam a22001577a 4500
003 - IDENTIFICADOR DEL NÚMERO DE CONTROL
campo de control OSt
005 - FECHA Y HORA DE LA ÚLTIMA TRANSACCIÓN
campo de control 20201029145745.0
008 - DATOS DE LONGITUD FIJA--INFORMACIÓN GENERAL
campo de control de longitud fija 201029b 2000 dr 00| 0 eng d
040 ## - FUENTE DE LA CATALOGACIÓN
Centro catalogador/agencia de origen DO-SdBNP
Lengua de catalogación spa
Centro/agencia transcriptor BNPHU
100 1# - ENTRADA PRINCIPAL--NOMBRE DE PERSONA
Nombre de persona González Canahuate, Luís Almanzor
9 (RLIN) 77067
245 10 - MENCIÓN DE TÍTULO
Título Alerta profética :
Resto del título para abogados y políticos de la necesidad de una ley de partidos políticos, del papel de la jurisprudencia en la etapa actual del derecho dominicano.
Mención de responsabilidad, etc. L. Almanzor González Canahuate.
260 ## - PUBLICACIÓN, DISTRIBUCIÓN, ETC.
Lugar de publicación, distribución, etc. Santo Domingo :
Nombre del editor, distribuidor, etc. Editora Centenario,
Fecha de publicación, distribución, etc. 2000.
300 ## - DESCRIPCIÓN FÍSICA
Extensión 40 p.
Dimensiones 24 cm.
500 ## - NOTA GENERAL
Nota general Recopilación Jurisprudencial Integrada. Notas introductivas al Tomo IV, Volumen X treinta (30) años
942 ## - ELEMENTOS DE PUNTO DE ACCESO ADICIONAL (KOHA)
Fuente del sistema de clasificación o colocación Dewey Decimal Classification
Tipo de ítem Koha Libro
Existencias
Estado de retiro Estado de pérdida Fuente del sistema de clasificación o colocación No para préstamo Código de colección Localización permanente Ubicación/localización actual Ubicación en estantería Fecha de adquisición Fuente de adquisición Total de préstamos Fecha visto por última vez Precio válido a partir de Tipo de ítem Koha
    Dewey Decimal Classification   Monografías: Libros y Folletos Biblioteca Nacional Pedro Henríquez Ureña Patrimonio Dominicano En catalogación 29.10.2020 Domínico Americano   29.10.2020 29.10.2020 Libro

Con tecnología Koha